Hedgingové produkty - minimalizácia rizika. 7

Opcie ako zabezpečenie proti kurzovému riziku - kúpna (call) opcia. Konkrétny príklad opcie.

Na minha lista:
Detalhes bibliográficos
Autor principal: Lancz, M.
Formato: Capítulo de Livro
Idioma:eslovaco
Assuntos:
Tags: Adicionar Tag
Sem tags, seja o primeiro a adicionar uma tag!

MARC

LEADER 00000naa a2200000 4500
001 r021092
005 20230801104708.2
041 0 |a slo 
044 |a SK 
245 1 0 |a Hedgingové produkty - minimalizácia rizika. 7  |c M. Lancz 
520 |a Opcie ako zabezpečenie proti kurzovému riziku - kúpna (call) opcia. Konkrétny príklad opcie. 
610 2 0 |a hedging 
610 2 0 |a riziko 
610 2 0 |a operácie bankové 
610 2 0 |a opcie 
610 2 0 |a kurz výmenný 
610 2 0 |a obchody burzové 
610 2 0 |a obchody opčné 
100 1 |a Lancz, M.